000 00711nam a22001937a 4500
005 20180910094922.0
010 _aSpacial power B-704403-422
020 _a9789386473264
_c425.00
035 _aB-704403-422
037 _bVitasta
_adpl
082 _a882
100 _aSinha, D.P.
245 _aTwo classical plays from India /
_cby D,P. sinha
260 _aNew Delhi
_bVitastaa Pub.
_c2018
270 _a2/15, Ansari Road, Daryaganj,
_bNew Delhi
_e110002
300 _a204p.
_c21cm(pbk)
942 _2ddc
_cEN
_mSIN
_h882
999 _c157026
_d157026